Estudio acerca de la intensidad de la gravedad / (Record no. 28706)

MARC details
000 -LEADER
campo de control de longitud fija 00515nam a2200157 i 4500
001 - NÚMERO DE CONTROL
campo de control 28706
003 - IDENTIFICADOR DE NÚMERO DE CONTROL
campo de control ES-MaACL
005 - FECHA Y HORA DE LA ÚLTIMA TRANSACCIÓN
campo de control 20230906153920.0
007 - CAMPO FIJO DE DESCRIPCIÓN FÍSICA--INFORMACIÓN GENERAL
campo de control de longitud fija t|
008 - DATOS DE LONGITUD FIJA--INFORMACIÓN GENERAL
campo de control de longitud fija 030120s1912 sp ||||1| spa d
100 1# - ENTRADA PRINCIPAL--NOMBRE DE PERSONA
Nombre de persona Barandica y Ampuero, Manuel de.
9 (RLIN) 25315
245 10 - MENCIÓN DEL TÍTULO
Título Estudio acerca de la intensidad de la gravedad /
Mención de responsabilidad, etc. Manuel de Barandica y Ampuero.
260 ## - PUBLICACIÓN, DISTRIBUCIÓN, ETC.
Lugar de publicación, distribución, etc. Madrid :
Nombre del editor, distribuidor, etc. [s.n.],
Fecha de publicación, distribución, etc. 1912.
500 ## - NOTA GENERAL
Nota general Es Separata del: Boletín del Instituto geológico de España, tomo XXXII.
852 ## - LOCALIZACIÓN
Ubicación ES-MaACL
Número de control de estantería T-1382-F-2
Holdings
Estatus retirado Estado de pérdida Estado de daño No para préstamo Colección Biblioteca de origen Biblioteca actual Ubicación en estantería Fecha de adquisición Fuente de adquisición Total de préstamos Signatura topográfica completa Código de barras Visto por última vez Precio de reemplazo Tipo de ítem Koha
        Colección de folletos Biblioteca del Ateneo de Madrid Biblioteca del Ateneo de Madrid Depósito folletos 17/01/2008     T-1382-F-2 1029638 23/02/2023 23/02/2023 Folleto